000 00812nam a2200205 i 4500
001 162455
003 ES-MaACL
005 20230906212529.0
008 041111s1832 fr |||| | fre d
040 _aCAM
_bspa
_cCAM
100 1 _aPortal, Baron.
_9131290
245 1 0 _aRapport et instruction pratique sur le choléra-morbus /
_c[Baron Portal]; rédigés et publiés d'aprés la demande du gouvernement.
260 _a[S.l.] :
_b[S.n.],
_c1832 (
_fImprimerie Royale)
300 _a32,16 p. ;
_c22 cm.
594 _aAutor tomado de fin de texto.
594 _aPrecede al tít.: Académie Royale de Médecine.
596 _aAño tomado de fin de texto.
650 _aCólera-
_zFrancia.
_911144
852 _aES-MaACL
_jT-485-F-1
_z-- Enc. hol.
_q-- Ejemplar falto de la portada
_z-- Enc. en un vol. facticio
999 _c162455
_d162455